000 00676nam a2200277Ia 4500
005 20260324133404.0
008 008 260324s9999 xx 000 0 eng d
020 _a9781315199696
037 _aEBOOK
040 _aCRL
040 _beng
040 _cCRL
041 _2eng
041 _aeng
084 _qCRL
100 _aPatrick Bishop; Carmel Connors
_91192908
245 0 _aManagement, Organisation, and Ethics in the Public Sector
260 _bTaylor and Francis
260 _c2003
365 _a
365 _b205
856 _uhttp://www.taylorfrancis.com/books/9781315199696
942 _cEBOOK
999 _c1791886
_d1791886